Normal view MARC view

Entry Nombre personal

Number of records used in: 1

001 - NÚMERO DE CONTROL

  • campo de control: 155301

003 - IDENTIFICADOR DE NÚMERO DE CONTROL

  • campo de control: OSt

005 - FECHA Y HORA DE LA ÚLTIMA TRANSACCIÓN

  • campo de control: 20250728141645.0

008 - ELEMENTOS DE DATO DE LONGITUD-FIJA

  • campo de control de longitud fija: 140828 b azzaaaaaa a aaa d

040 ## - FUENTE DE CATALOGACIÓN

  • Centro catalogador/agencia de origen: OSt
  • Centro/agencia transcriptor: OSt

100 1# - ENCABEZAMIENTO-NOMBRE DE PERSONA

  • Nombre de persona: Colonna, Marco Antonio,
  • Fechas asociadas al nombre: 1535-1584